000 00269nmm a2200085Ia 4500
008 220120s9999||||xx |||||||||||||||||und||
100 _aPCQ April 2010
_911205
245 0 _a34ys to communicate, 12chat & webcam software, 10sms tools,
260 _aCyber tach publication
_c2010
999 _c139473
_d139473